000 01163nam a2200265Ia 4500
003 OSt
005 20221005104726.0
006 a|||||r|||| 00| 0
007 ta
008 221004b |||||||| |||| 00| 0 hin d
020 _a9789380172446 (pbk)
_c120
024 _a8756
037 _b20477, 08/01/2014, Hindi Madhyam Karyanvyan Nideshalye
_cTextual
040 _aCRL
_cCRL
_bhin
041 _2hin
_ahin
082 _aV2y7M69:g(X), 152Q1
100 _aपाण्डेय, प्रदीप कुमार
245 0 _aगांधी का आर्थिक और सामाजिक चिंतन
246 _aGāandhī kā ārthik aur sāmājik chiantana
260 _aदिल्ली
_bविश्वविद्यालय हिन्दी माध्यम कार्यान्वय निदेशालय भारत
_c2011
300 _a119पृ0
_ccm.
650 _aविश्व-इतिहास
942 _hV2y7M69:g(X), 152Q1
_cTEXL
_2cc
999 _c1013604
_d1013604